000 01032cam a2200193 4500
001 X118160
008 020527n2002 000 0 eng u
035 _a(Sirsi) u118160
245 _aKensington and Chelsea RBC v Harvey Nichols and Co Ltd
260 _c2002
490 _aProperty, Planning and Compensation Reports
_v[2002] 1 P&CR 378-388(11)
520 _aCA 4 May 2001. Advertisement control. Deemed consent for advertisements incorporated into fabric of a building. Scaffolding with PVC safety screen tied to steel poles. Screen displaying digitally incorporated advertising image. Consideration of concept of scaffolding as a building. Whether advertisement incorporated into fabric of scaffold and not needing consent. [Taken from journal abstract].
650 _aKENSINGTON AND CHELSEA LBC V HARVEY NICHOLS AND CO LTD AND OTHERS
650 _aADVERTISEMENT CONTROL
650 _aPLANNING PERMISSION
650 _aSCAFFOLDING
690 _aENVIRONMENTAL AND LAND CONSULTANCY-PLANNING AND DEVELOPMENT
942 _n0
999 _c70366
_d70366